[Event "HUN-chT4a 1415"]
[Site "Hungary"]
[Date "2015.04.12"]
[Round "7.1"]
[White "Orosz, Klara"]
[Black "Besenyi, Tibor"]
[Result "1-0"]
[WhiteElo "1813"]
[BlackElo "1909"]
[PlyCount "67"]
[EventDate "2014.10.19"]
[EventType "team-tourn"]
[EventRounds "7"]
[EventCountry "HUN"]
[SourceTitle "EXT 2016"]
[Source "ChessBase"]
[SourceDate "2015.10.08"]
[SourceVersion "1"]
[SourceVersionDate "2015.10.08"]
[SourceQuality "1"]

1. d4 e6 2. c4 c5 3. Nf3 cxd4 4. Nxd4 Nc6 5. Nxc6 bxc6 6. Nc3 Rb8 7. Qc2 Nf6 8. a3 Be7 9. Bf4 d6 10. h3 e5 11. Be3 Qc7 12. g3 0-0 13. Bg2 d5 14. Na4 Ne4 15. cxd5 f5 16. 0-0 Bd7 17. Bxe4 fxe4 18. Qxe4 Bxh3 19. Rfc1 Qa5 20. dxc6 Be6 21. Nc5 Bxc5 22. Rxc5 Qa6 23. Rxe5 Bf7 24. Bd4 Rbd8 25. Rg5 Bg6 26. Qe6+ Kh8 27. Rxg6 hxg6 28. Kg2 Rf5 29. Qxg6 Rf6 30. Rh1+ Kg8 31. Bxf6 Qxc6+ 32. f3 Qxf6 33. Qxf6 gxf6 34. Kf2 1-0

[Event "HUN-chT4 1314"]
[Site "Hungary"]
[Date "2014.03.16"]
[Round "8.1"]
[White "Vagi, Laszlo"]
[Black "Orosz, Klara"]
[Result "1/2-1/2"]
[WhiteElo "1707"]
[BlackElo "1814"]
[PlyCount "60"]
[EventDate "2013.10.13"]
[EventType "team-tourn"]
[EventRounds "11"]
[EventCountry "HUN"]
[SourceTitle "EXT 2016"]
[Source "ChessBase"]
[SourceDate "2015.10.08"]
[SourceVersion "1"]
[SourceVersionDate "2015.10.08"]
[SourceQuality "1"]

1. e4 c6 2. d4 d5 3. exd5 cxd5 4. Nc3 a6 5. Nf3 Nf6 6. Be2 Bf5 7. 0-0 e6 8. Ne5 Be7 9. f3 Nc6 10. Nxc6 bxc6 11. Bd3 Bxd3 12. Qxd3 0-0 13. Ne2 Qb6 14. Kh1 c5 15. b3 cxd4 16. Nxd4 Nd7 17. Be3 Bf6 18. Rad1 Qa5 19. c3 Rfc8 20. Bd2 Bxd4 21. cxd4 Qxa2 22. Ra1 Qc2 23. Qe3 Qf5 24. h3 h6 25. g4 Qf6 26. Rfc1 Rxc1+ 27. Bxc1 e5 28. Bb2 exd4 29. Bxd4 Qe6 30. b4 Re8 1/2-1/2

[Event "HUN-chT2 Charousek 1314"]
[Site "Hungary"]
[Date "2013.09.22"]
[Round "2"]
[White "Orosz, Klara"]
[Black "Haselbach, David"]
[Result "1-0"]
[WhiteElo "1818"]
[BlackElo "1667"]
[PlyCount "61"]
[EventDate "2013.09.08"]
[EventType "team-tourn"]
[EventRounds "11"]
[EventCountry "HUN"]
[SourceTitle "EXT 2016"]
[Source "ChessBase"]
[SourceDate "2015.10.08"]
[SourceVersion "1"]
[SourceVersionDate "2015.10.08"]
[SourceQuality "1"]
[WhiteTeam "Gyor Elektromos"]
[BlackTeam "Nagykanizsa II"]
[WhiteTeamCountry "HUN"]
[BlackTeamCountry "HUN"]

1. d4 Nf6 2. Nf3 g6 3. c4 Bg7 4. Nc3 0-0 5. e4 d6 6. Be2 e5 7. dxe5 dxe5 8. Qxd8 Rxd8 9. Bg5 Nbd7 10. Rd1 Re8 11. Nb5 Rf8 12. Nxc7 Rb8 13. Nd5 h6 14. Be3 Nxe4 15. Ne7+ Kh7 16. Nxc8 Rbxc8 17. Rxd7 Nc5 18. Bxc5 Rxc5 19. Rxb7 a5 20. Nd2 e4 21. 0-0 f5 22. Nb3 Re5 23. Rd1 f4 24. Rdd7 Rg8 25. Re7 Rxe7 26. Rxe7 a4 27. Nc5 e3 28. Ne6 Kh8 29. Nxg7 exf2+ 30. Kxf2 Rxg7 31. Rxg7 1-0

[Event "HUN-chT2 Charousek 1112"]
[Site "Hungary"]
[Date "2012.03.25"]
[Round "8"]
[White "Orosz, Klara"]
[Black "Olah, Jozsef"]
[Result "0-1"]
[WhiteElo "1871"]
[BlackElo "1966"]
[PlyCount "74"]
[EventDate "2011.09.25"]
[EventType "team-tourn"]
[EventRounds "11"]
[EventCountry "HUN"]
[SourceTitle "EXT 2013"]
[Source "ChessBase"]
[SourceDate "2012.11.22"]
[SourceVersion "1"]
[SourceVersionDate "2012.11.22"]
[SourceQuality "1"]
[WhiteTeam "Gyor Elektromos"]
[BlackTeam "Haladas II"]
[WhiteTeamCountry "HUN"]
[BlackTeamCountry "HUN"]

1. d4 d5 2. Nf3 Nf6 3. c4 c6 4. cxd5 cxd5 5. Nc3 Bf5 6. e3 e6 7. Bb5+ Nc6 8. Ne5 Rc8 9. 0-0 Bd6 10. h3 0-0 11. Nxc6 bxc6 12. Bd3 Bxd3 13. Qxd3 Bb8 14. e4 dxe4 15. Nxe4 Nxe4 16. Qxe4 Qd6 17. g3 Rfd8 18. Be3 Qb4 19. Qc2 a5 20. b3 Ba7 21. a3 Qb5 22. Rfd1 e5 23. a4 Qb8 24. dxe5 Bxe3 25. fxe3 Qxe5 26. Kf2 Re8 27. Qd2 h6 28. Rac1 Re6 29. Qd4 Qh5 30. Qg4 Qe5 31. Qd4 Rf6+ 32. Kg2 Qb8 33. Rd3 Re8 34. Rcc3 Rfe6 35. Qd7 Rg6 36. e4 Qe5 37. Qd4 Rxg3+ 0-1

[Event "HUN-chT4 1112"]
[Site "Hungary"]
[Date "2012.02.26"]
[Round "7.1"]
[White "Orosz, Klara"]
[Black "Toth, Balazs"]
[Result "0-1"]
[WhiteElo "1871"]
[BlackElo "1975"]
[PlyCount "62"]
[EventDate "2011.09.11"]
[EventType "team-tourn"]
[EventRounds "9"]
[EventCountry "HUN"]
[SourceTitle "EXT 2016"]
[Source "ChessBase"]
[SourceDate "2015.10.08"]
[SourceVersion "1"]
[SourceVersionDate "2015.10.08"]
[SourceQuality "1"]

1. d4 Nc6 2. c4 d5 3. e3 Nf6 4. Nc3 Bf5 5. a3 e6 6. Nf3 Be7 7. cxd5 Nxd5 8. Bb5 Bf6 9. Qa4 Qd6 10. Nxd5 Qxd5 11. Bxc6+ bxc6 12. Bd2 Be4 13. Rc1 0-0 14. Qc4 Qh5 15. Qe2 Qg6 16. Rg1 Rab8 17. Bb4 Rfd8 18. g3 Rd5 19. Rc5 Bd3 20. Qd2 Qe4 21. Rxd5 cxd5 22. Ne5 Bxe5 23. dxe5 Bc4 24. Bc3 c5 25. Kd1 d4 26. exd4 cxd4 27. Bxd4 Rd8 28. Kc1 Rxd4 29. Qc3 Ba6 30. Re1 Qd5 31. b3 h6 0-1

[Event "HUN-chT4 1112"]
[Site "Hungary"]
[Date "2012.02.05"]
[Round "6.3"]
[White "Kulmany, Istvan Mihaly"]
[Black "Orosz, Klara"]
[Result "1-0"]
[WhiteElo "2073"]
[BlackElo "1871"]
[PlyCount "49"]
[EventDate "2011.09.11"]
[EventType "team-tourn"]
[EventRounds "9"]
[EventCountry "HUN"]
[SourceTitle "EXT 2016"]
[Source "ChessBase"]
[SourceDate "2015.10.08"]
[SourceVersion "1"]
[SourceVersionDate "2015.10.08"]
[SourceQuality "1"]

1. d4 Nf6 2. c4 g6 3. Nc3 d5 4. Nf3 Bg7 5. Qb3 c6 6. Bf4 dxc4 7. Qxc4 0-0 8. e4 Nbd7 9. Be2 Nb6 10. Qc5 Bg4 11. Rd1 Bxf3 12. gxf3 Nbd7 13. Qc4 Re8 14. Be3 Rc8 15. h4 b5 16. Qb3 a5 17. e5 a4 18. Qc2 Nd5 19. Nxd5 cxd5 20. Qd2 Qb6 21. h5 gxh5 22. Bd3 Nf8 23. Ke2 Ng6 24. Rxh5 Rc6 25. Rdh1 1-0

[Event "HUN-chT2 Charousek 0809"]
[Site "Hungary"]
[Date "2009.01.25"]
[Round "6"]
[White "Czibulka, Zoltan"]
[Black "Orosz, Klara"]
[Result "1-0"]
[WhiteElo "2103"]
[BlackElo "1930"]
[PlyCount "127"]
[EventDate "2008.10.26"]
[EventType "team-tourn"]
[EventRounds "11"]
[EventCountry "HUN"]
[SourceTitle "EXT 2010"]
[Source "ChessBase"]
[SourceDate "2010.11.25"]
[SourceVersion "1"]
[SourceVersionDate "2010.11.25"]
[SourceQuality "1"]
[WhiteTeam "Hobagoly"]
[BlackTeam "Gyor Elektromos"]
[WhiteTeamCountry "HUN"]
[BlackTeamCountry "HUN"]

1. Nf3 d5 2. b3 Nf6 3. Bb2 g6 4. g3 Bg7 5. Bg2 0-0 6. 0-0 c5 7. d4 cxd4 8. Nxd4 Nc6 9. Nxc6 bxc6 10. Nd2 Bb7 11. c4 d4 12. b4 e5 13. Qa4 a5 14. Nb3 axb4 15. Qxb4 Qc7 16. Qd2 Nd7 17. c5 Ba6 18. Qc2 f5 19. f4 exf4 20. Rxf4 Rfe8 21. Bf1 Bh6 22. Rh4 Bg5 23. Rh3 Be3+ 24. Kh1 Qe5 25. Rd1 Qe4+ 26. Qxe4 Rxe4 27. Bxd4 Bxd4 28. Rxd4 Rxd4 29. Nxd4 Nxc5 30. g4 Rd8 31. Nb3 Ne4 32. Kg2 fxg4 33. Re3 Ng5 34. Kg3 Bc8 35. Bg2 Bd7 36. Nc5 Re8 37. Rxe8+ Bxe8 38. Kxg4 h6 39. a4 Nf7 40. a5 Nd6 41. a6 Nb5 42. Kf4 Kf7 43. Ke5 Ke7 44. Be4 Na7 45. h4 Bf7 46. Bd3 Nc8 47. Nb7 Na7 48. Nd6 Bb3 49. Bxg6 c5 50. Nf5+ Kd8 51. Kd6 Bc4 52. e4 Bxa6 53. Kxc5 Nc8 54. Nxh6 Ke7 55. Bf5 Kf6 56. Ng4+ Kg7 57. h5 Ne7 58. h6+ Kh8 59. Kd6 Nxf5+ 60. exf5 Kg8 61. Ke7 Bc4 62. f6 Bb3 63. Ne3 Bf7 64. h7+ 1-0

[Event "HUN-chT2 Charousek 0809"]
[Site "Hungary"]
[Date "2008.12.21"]
[Round "4"]
[White "Illes, Attila"]
[Black "Orosz, Klara"]
[Result "1/2-1/2"]
[WhiteElo "2111"]
[BlackElo "1930"]
[PlyCount "24"]
[EventDate "2008.10.26"]
[EventType "team-tourn"]
[EventRounds "11"]
[EventCountry "HUN"]
[SourceTitle "EXT 2010"]
[Source "ChessBase"]
[SourceDate "2010.11.25"]
[SourceVersion "1"]
[SourceVersionDate "2010.11.25"]
[SourceQuality "1"]
[WhiteTeam "Szenna Pack"]
[BlackTeam "Gyor Elektromos"]
[WhiteTeamCountry "HUN"]
[BlackTeamCountry "HUN"]

1. d4 Nf6 2. Nf3 g6 3. Bg5 Bg7 4. Nbd2 d5 5. e3 0-0 6. Bd3 Nbd7 7. h3 c5 8. c3 b6 9. 0-0 Bb7 10. Qb1 Re8 11. Bf4 cxd4 12. exd4 a5 1/2-1/2

[Event "HUN-chT2 Charousek 0809"]
[Site "Hungary"]
[Date "2008.11.02"]
[Round "2"]
[White "Orosz, Klara"]
[Black "Gal, Tibor"]
[Result "0-1"]
[WhiteElo "1930"]
[BlackElo "2004"]
[PlyCount "78"]
[EventDate "2008.10.26"]
[EventType "team-tourn"]
[EventRounds "11"]
[EventCountry "HUN"]
[SourceTitle "EXT 2010"]
[Source "ChessBase"]
[SourceDate "2010.11.25"]
[SourceVersion "1"]
[SourceVersionDate "2010.11.25"]
[SourceQuality "1"]
[WhiteTeam "Gyor Elektromos"]
[BlackTeam "Sarvar"]
[WhiteTeamCountry "HUN"]
[BlackTeamCountry "HUN"]

1. d4 Nf6 2. Nf3 e6 3. c4 d5 4. Nc3 Bb4 5. Qa4+ Nc6 6. Ne5 Bxc3+ 7. bxc3 Bd7 8. Nxd7 Qxd7 9. Ba3 Ne4 10. Rc1 dxc4 11. e3 h5 12. Bxc4 h4 13. f3 Nd6 14. Bxd6 cxd6 15. Bb5 h3 16. g4 Ke7 17. Kf2 Qc7 18. Bxc6 bxc6 19. Rb1 Rab8 20. Qa3 f5 21. gxf5 exf5 22. Rxb8 Qxb8 23. Rg1 Kf6 24. c4 g5 25. d5 c5 26. Qc3+ Kg6 27. Qc2 Qe8 28. f4 Rh5 29. Rg3 a5 30. a4 Qh8 31. fxg5 Rxg5 32. e4 Qd4+ 33. Kf1 fxe4 34. Rxg5+ Kxg5 35. Qc1+ e3 36. Ke2 Kf4 37. Qf1+ Ke5 38. Qc1 Qd2+ 39. Qxd2 exd2 0-1

[Event "HUN-chT2 Charousek 0708"]
[Site "Hungary"]
[Date "2008.05.18"]
[Round "11"]
[White "Orosz, Klara"]
[Black "Miovecz, Balint"]
[Result "1/2-1/2"]
[WhiteElo "1875"]
[BlackElo "1884"]
[PlyCount "86"]
[EventDate "2007.10.14"]
[EventType "team"]
[EventRounds "11"]
[EventCountry "HUN"]
[SourceTitle "EXT 2009"]
[Source "ChessBase"]
[SourceDate "2008.11.26"]
[SourceVersion "1"]
[SourceVersionDate "2008.11.26"]
[SourceQuality "1"]
[WhiteTeam "Gyor Elektromos"]
[BlackTeam "Szenna Pack"]
[WhiteTeamCountry "HUN"]
[BlackTeamCountry "HUN"]

1. d4 d5 2. Nf3 Nf6 3. c4 c6 4. cxd5 cxd5 5. Nc3 Bf5 6. e3 e6 7. Bb5+ Nbd7 8. Ne5 Bd6 9. Qa4 a6 10. Nxd7 Nxd7 11. Bxd7+ Qxd7 12. Qxd7+ Kxd7 13. Ke2 b5 14. a3 Rhc8 15. Bd2 Rab8 16. h3 b4 17. axb4 Rxb4 18. Rxa6 Bc2 19. Bc1 Rc7 20. Ra5 Rb3 21. Kf3 Bb4 22. Ra2 Bxc3 23. bxc3 Rbxc3 24. Bd2 Be4+ 25. Kg3 Rb3 26. Rc1 Rxc1 27. Bxc1 Ke7 28. Ba3+ Kf6 29. Bd6 Kg6 30. Rd2 f5 31. Bf4 Kh5 32. Kh2 g5 33. Be5 Bb1 34. Bf6 Kg6 35. Be5 h5 36. Bd6 g4 37. hxg4 fxg4 38. Kg3 Kf5 39. Bf4 Be4 40. f3 h4+ 41. Kxh4 gxf3 42. gxf3 Bxf3 43. Kg3 Ke4 1/2-1/2

[Event "HUN-chT2 Charousek 0708"]
[Site "Hungary"]
[Date "2008.03.30"]
[Round "9"]
[White "Orosz, Klara"]
[Black "Pal, Csanad"]
[Result "1/2-1/2"]
[WhiteElo "1875"]
[BlackElo "1828"]
[PlyCount "39"]
[EventDate "2007.10.14"]
[EventType "team"]
[EventRounds "11"]
[EventCountry "HUN"]
[SourceTitle "EXT 2009"]
[Source "ChessBase"]
[SourceDate "2008.11.26"]
[SourceVersion "1"]
[SourceVersionDate "2008.11.26"]
[SourceQuality "1"]
[WhiteTeam "Gyor Elektromos"]
[BlackTeam "Haladas II"]
[WhiteTeamCountry "HUN"]
[BlackTeamCountry "HUN"]

1. d4 Nf6 2. Nf3 e6 3. c4 d5 4. Bg5 Be7 5. e3 Nbd7 6. a3 b6 7. cxd5 exd5 8. Nc3 0-0 9. Be2 Re8 10. 0-0 Nf8 11. Ne5 Bb7 12. Bb5 N6d7 13. Bxe7 Qxe7 14. Nxd7 Nxd7 15. Qa4 Red8 16. Bc6 Bxc6 17. Qxc6 Nf6 18. Rac1 a6 19. Ne2 Ra7 20. Nf4 1/2-1/2

[Event "HUN-chT2 Charousek 0607"]
[Site "Hungary"]
[Date "2007.05.06"]
[Round "10"]
[White "Bakos, Andrea"]
[Black "Orosz, Klara"]
[Result "1/2-1/2"]
[WhiteElo "1881"]
[BlackElo "1903"]
[PlyCount "34"]
[EventDate "2006.11.12"]
[EventType "team"]
[EventRounds "11"]
[EventCountry "HUN"]
[SourceTitle "EXT 2008"]
[Source "ChessBase"]
[SourceDate "2007.11.25"]
[SourceVersion "1"]
[SourceVersionDate "2007.11.25"]
[SourceQuality "1"]
[WhiteTeam "Tapolca"]
[BlackTeam "Gyor Elektromos"]
[WhiteTeamCountry "HUN"]
[BlackTeamCountry "HUN"]

1. e4 c6 2. d4 d5 3. exd5 cxd5 4. Bb5+ Bd7 5. Bxd7+ Qxd7 6. Nf3 Nc6 7. 0-0 e6 8. Bf4 Bd6 9. Bxd6 Qxd6 10. c3 Nf6 11. Nbd2 0-0 12. Qe2 Rfe8 13. Ne5 Nd7 14. Ndf3 Ndxe5 15. Nxe5 Nxe5 16. Qxe5 Qxe5 17. dxe5 Kf8 1/2-1/2

[Event "HUN-chT2 Charousek 0607"]
[Site "Hungary"]
[Date "2006.11.26"]
[Round "2"]
[White "Vince, Viola"]
[Black "Orosz, Klara"]
[Result "1-0"]
[WhiteElo "1859"]
[BlackElo "1903"]
[PlyCount "69"]
[EventDate "2006.11.12"]
[EventType "team"]
[EventRounds "11"]
[EventCountry "HUN"]
[SourceTitle "EXT 2008"]
[Source "ChessBase"]
[SourceDate "2007.11.25"]
[SourceVersion "1"]
[SourceVersionDate "2007.11.25"]
[SourceQuality "1"]
[WhiteTeam "Decs"]
[BlackTeam "Gyor Elektromos"]
[WhiteTeamCountry "HUN"]
[BlackTeamCountry "HUN"]

1. d4 Nf6 2. c4 g6 3. Nc3 d5 4. Nf3 Bg7 5. Bf4 c6 6. Rc1 0-0 7. e3 Qb6 8. b3 Bg4 9. Be2 dxc4 10. bxc4 Nh5 11. Be5 Qb4 12. Bxg7 Nxg7 13. Ne5 Bxe2 14. Qxe2 f6 15. Nf3 Nd7 16. 0-0 Qa5 17. Rc2 a6 18. Rb1 Qc7 19. c5 e6 20. Rcb2 Rab8 21. Qc4 Kh8 22. Na4 Rf7 23. Nb6 Nf8 24. Qc3 Ne8 25. Nc4 Qd8 26. Na5 Qc8 27. Rb3 Kg8 28. Qb2 Qc7 29. Nxb7 Nd7 30. Nd2 e5 31. Nc4 exd4 32. Nbd6 Rxb3 33. Qxb3 Nxc5 34. Qb8 Re7 35. Nxe8 1-0